000
00305nam a2200109Ia 4500
008
220217s9999 xx 000 0 und d
100
_a
Cyriac Mattam
245
0
_a
Ebonite battery containers
260
_b
Cochin University of Science and Technology
_a
Kochi
_c
1975
500
_a
Course: B.Tech
942
_c
TS
999
_c
74532
_d
74532